| 000 | 02090cam a22003858a 4500 | ||
|---|---|---|---|
| 001 | 16584787 | ||
| 005 | 20110331181716.0 | ||
| 008 | 101216s2011 mau b 001 0 eng | ||
| 020 | _a0132625342 | ||
| 020 | _a9780132625340 | ||
| 040 |
_aDNLM/DLC _cDLC _dDLC |
||
| 082 | 0 | 0 |
_a618.9200231 _222 _bBIN |
| 100 | 1 |
_aBindler, Ruth McGillis. _929259 |
|
| 245 | 1 | 0 |
_aClinical Skills Manual for Principles of Pediatric Nursing : _bCaring for Children / _cRuth C. McGillis Bindler, Jane W. Ball, Patricia Wieland Ladewig. |
| 250 | _a5th ed. | ||
| 260 |
_aBoston : _bPearson, _cc2011. |
||
| 300 |
_axii, 195 p. : _cill. (chiefly col.) ; _b28 cm. |
||
| 500 | _aCompanion v. to: Principles of pediatric nursing / Jane W. Ball, Ruth C. Bindler, and Kay J. Cowen. 5th ed. c2012. | ||
| 504 | _aIncludes bibliographical references and index. | ||
| 505 | 0 | _aProtective methods -- Informed consent -- Newborn -- Positioning and restraining therapies -- Transporting the child -- Physical assessment -- Specimen collection -- Administering medications and irrigations to an IV infusion -- Intravenous access -- Pain assessment and management -- Cardiorespiratory care -- Nutrition -- Elimination -- Skin and musculoskeletal care. | |
| 650 | 0 |
_aPediatric nursing. _929260 |
|
| 650 | 1 | 2 |
_aNursing Care. _929261 |
| 650 | 1 | 2 |
_aPediatric Nursing _xmethods. _929262 |
| 650 | 2 | 2 |
_aChild. _929263 |
| 650 | 2 | 2 |
_aInfant. _929264 |
| 650 | 2 | 2 |
_aNursing Assessment _xmethods. _929265 |
| 653 |
_bNUR _cMarch2012 |
||
| 700 | 1 |
_aBall, Jane _q(Jane W.) _929266 |
|
| 700 | 1 |
_aLadewig, Patricia W. _929267 |
|
| 700 | 1 |
_aBall, Jane _q(Jane W.). _tPrinciples of pediatric nursing. _929268 |
|
| 942 |
_2ddc _cNRB |
||
| 999 |
_c16555 _d16555 |
||